000 00314nam a22001337a 4500
008 170321b xxu||||| |||| 00| 0 eng d
020 _a9780721604640
041 _aeng
080 _26 ED
_a616.12 -008-073
100 _a7
101 _aSHM
245 _aBUILDING MEDICAL VOCABULARY
_cLEONARD.P.C
942 _2udc
_cBK
999 _c8199
_d8199